[Event "AUT-ch U14 Online Rapid"]
[Site "Playchess.com INT"]
[Date "2020.12.13"]
[Round "1"]
[White "Schwarz, Rene"]
[Black "Miazhynski, Michael"]
[Result "1-0"]
[WhiteElo "1586"]
[BlackElo "1917"]
[PlyCount "91"]
[EventDate "2020.12.13"]
[EventType "swiss (rapid)"]
[EventRounds "7"]
[EventCountry "AUT"]
[SourceTitle "EXT 2022"]
[Source "ChessBase"]
[SourceDate "2021.10.06"]
[SourceVersion "1"]
[SourceVersionDate "2021.10.06"]
[SourceQuality "1"]

1. d4 Nf6 2. e3 c5 3. Nf3 e6 4. g3 b6 5. Bg2 Bb7 6. 0-0 Be7 7. b3 cxd4 8. Nxd4 Bxg2 9. Kxg2 0-0 10. c4 d5 11. cxd5 Qxd5+ 12. Kg1 Nc6 13. Bb2 Rfd8 14. Nc3 Nxd4 15. Nxd5 Rxd5 16. Bxd4 Rad8 17. Qc2 e5 18. Bb2 Rd2 19. Qc3 h6 20. Qxe5 Bd6 21. Qc3 Bc5 22. b4 Bf8 23. a3 Ne4 24. Qe5 Ng5 25. Qc3 R8d3 26. Qc4 Nf3+ 27. Kg2 Ng5 28. Bc1 Rd1 29. Rxd1 Rxd1 30. Bb2 Rd2 31. Bd4 Ne4 32. Ra2 Rd1 33. Qc2 Rd2 34. Qxd2 Nxd2 35. Rxd2 f6 36. Bc3 Kf7 37. a4 Ke6 38. a5 bxa5 39. bxa5 Ba3 40. Rd8 Ke7 41. Ra8 Bc5 42. Bd4 Bb4 43. Rxa7+ Kd6 44. Kf3 Kc6 45. a6 Ba5 46. Rxg7 1-0

[Event "Styrian op U14/18 26th"]
[Site "Mureck"]
[Date "2019.08.05"]
[Round "6"]
[White "Braun, Hagen"]
[Black "Schwarz, Rene"]
[Result "0-1"]
[WhiteElo "1195"]
[BlackElo "1451"]
[PlyCount "92"]
[EventDate "2019.07.31"]
[EventType "swiss"]
[EventRounds "9"]
[EventCountry "AUT"]
[SourceTitle "EXT 2020"]
[Source "ChessBase"]
[SourceDate "2019.10.17"]
[SourceVersion "1"]
[SourceVersionDate "2019.10.17"]
[SourceQuality "1"]

1. e4 e6 2. d4 d5 3. e5 g6 4. Nf3 Bg7 5. Be3 b6 6. c3 Nd7 7. Bd3 Ne7 8. Qd2 a5 9. Bh6 0-0 10. Bxg7 Kxg7 11. g4 f6 12. h4 fxe5 13. Nxe5 Nxe5 14. dxe5 Nc6 15. h5 Nxe5 16. Kd1 Nxg4 17. Kc2 Rxf2 18. Be2 Ba6 19. Qd4+ Qf6 20. Qxg4 Rxe2+ 21. Nd2 Qf5+ 22. Qxf5 exf5 23. hxg6 hxg6 24. Rae1 Rae8 25. Rxe2 Rxe2 26. a4 c5 27. Kd1 Re8 28. b3 Bb7 29. Rg1 Rh8 30. Kc2 Rh2 31. Kd3 Ba6+ 32. c4 dxc4+ 33. bxc4 Rh3+ 34. Kc2 Ra3 35. Re1 Kf6 36. Re8 Rxa4 37. Ra8 Bxc4 38. Rb8 Rb4 39. Nxc4 Rxc4+ 40. Kb3 Rb4+ 41. Ka3 f4 42. Rf8+ Kg5 43. Rf7 Kg4 44. Rf6 g5 45. Rh6 f3 46. Rh4+ Kxh4 0-1